000 01041nas a2200337 4500
001 BR2012005534
003 BR-BrBNA
005 20231205120906.0
007 ta
008 230509b bl.|||p| |||| 00| 00por d
040 _aBR-BrBNA
_bpor
_cBiblioteca Nacional de Agricultura
041 _a(Pt)
072 _aF03
100 1 _aRebouças, A.C.M.N.
100 1 _aMatos, V.P.
100 1 _aFerreira, R.L.C.
100 1 _aSena, L.H. de M.
100 1 _aSales, A.G. de F.A.
100 1 _aFerreira, E.G.B. de S.
245 1 _aMétodos para superação da dormência de sementes de quixabeira (Sideroxylon obtussifolium (Roem. Schult.)T.D. Penn.)
650 _aQUIXABEIRA
650 _aPLANTA MEDICINAL
650 _aDORMÊNCIA DA SEMENTE
650 _aGERMINAÇÃO
650 _aSEMENTE
650 _aCRESCIMENTO
650 _aMATO GROSSO
773 0 _tCiência Florestal (Brazil)
_xISSN 0103-9954
_g(Jan-Mar 2012), v. 22(1) p. 183-192
_wBR2012005534
909 _a202311
_bLúcia
_c55
_dLúcia Elande
942 _2AGRIS
_n0
_cANA
999 _c220837
_d220837